| 000 | 01098naa a22002897a 4500 | ||
|---|---|---|---|
| 001 | BR8704609 | ||
| 003 | BR-BrBNA | ||
| 005 | 20240918175830.0 | ||
| 007 | ta | ||
| 008 | 230509b bl.||||| |||| 00| 0 por d | ||
| 040 |
_aBR-BrBNA _bpor _cBiblioteca Nacional de Agricultura |
||
| 041 | _a(Pt) | ||
| 072 |
_aF01; P40 _b1440 |
||
| 090 | _aF01 BR8704609 | ||
| 100 | 1 | _aBezerra, J.R.C. | |
| 100 | 1 | _aFreire Filho, F.R. | |
| 111 | 1 |
_a3. Seminario de Pesquisa Agropecuaria do Piaui _cTeresina, PI (Brazil) _d5-8 Oct 1982 |
|
| 245 | 1 | _aEvapotranspiracao da cultura do feijao macassar (Vigna unguiculata L. Walp.)no municipio de Teresina, Piaui | |
| 260 | 3 |
_aTeresina, PI (Brasil): _c1984. |
|
| 500 | _aAnais do 3. Seminario de Pesquisa Agropecuaria do Piaui Teresina, PI (Brasil): 1984. v. 304-324 (BR8704609-AM)F01 | ||
| 650 | _aFEIJAO DE CORDA | ||
| 650 | _aEVAPOTRANSPIRACAO | ||
| 650 | _aPIAUI | ||
| 773 | 0 |
_tAnais do 3. Seminario de Pesquisa Agropecuaria do Piaui _wF01 BR8704609 _gTeresina, PI (Brasil), 1984. v. 304-324 |
|
| 909 |
_a202404 _bLucia _c55 _dLucia Elande |
||
| 942 |
_cAM _2AGRIS |
||
| 999 |
_c318343 _d318343 |
||